Statistiques concernant Culture Générale - Série 1460

Cliquez ici pour prendre le quiz!

Statistiques générales

  • Ce quiz a été pris 61 fois
  • Le résultat moyen est 7 sur 10

Statistiques - réponses

QuestionRéponse% Correct
Quel est le nom du "gentleman cambrioleur", dans les romans policiers de Maurice Leblanc ?Arsène Lupin
95%
Quelle race de chien de traîneau, généralement aux yeux bleus, a un nom d'origine anglaise signifiant : "enroué" ?husky
88%
En 1977, la Française Marie Myriam remporte le Concours Eurovision de la Chanson en interprétant "L'Oiseau et...l'enfant
86%
Quel mot, signifiant "coupole" en hébreu, désigne la calotte traditionnelle portée par les juifs pratiquants ?kippa
79%
Quelle actrice comique, auteure du sketch "L'addition", a interprété l'empoisonneuse Marie Besnard pour la télévision ?Muriel Robin
74%
Quel département français porte le numéro 73 ?Savoie
68%
Le grand tétras est un oiseau communément appelé "coq de ...bruyère
65%
Dans quelle capitale est située l'église Basile-le-Bienheureux ?Moscou
61%
Dans le dessin animé "Les Aventures de Bernard et Bianca", quel genre d'oiseau est Orville, sur lequel montent les deux héros ?albatros
54%
Comment se prénomme le chanteur du groupe Tokio Hotel ?Bill
19%

Distribution des résultats

Percentile par nombre de réponses

% des personnes avec chaque résultat

Votre développement - résultats

Vous n’avez pas pris ce quiz